000 00313nam a22001457a 4500
008 221010b ||||| |||| 00| 0 eng d
020 _a9780070652026
041 _aeng
080 _a721
082 _a721
100 _a20.2
101 _aNDER
245 _aSTRUCTURAL ANALYSIS
_cTRANTINA G
942 _2udc
_cBK
999 _c58448
_d58448